| 000 | 00819nam a22002417a 4500 | ||
|---|---|---|---|
| 005 | 20170124105929.0 | ||
| 010 | _aB-019029 | ||
| 020 |
_a8176292028 _c00.00 |
||
| 035 | _aB-019029 | ||
| 037 | _bCen Lib/Ret | ||
| 040 |
_aDPL _bEN |
||
| 082 |
_a322.63220954 _bSHA |
||
| 100 |
_aSharma, A.K. _974440 |
||
| 245 |
_aIndian stock market : _cby A.K. Sharma [and] G.S. Batra _bregulation, performance and policy perspective / |
||
| 260 |
_aNew Delhi _bDeep and Deep Publications _c2000 |
||
| 270 |
_aF-159, Rajouri Garden _bNew Delhi _e110027 |
||
| 300 |
_axiii,154p. _c21cm(Hb) |
||
| 500 | _aIncludes bibliographical references and index | ||
| 650 |
_aStock exchanges -- India. _913460 |
||
| 650 |
_aStock exchanges. _974441 |
||
| 700 |
_a Batra, G.S. _97837 |
||
| 942 |
_2ddc _cEN _h322.63220954 _mSHA |
||
| 999 |
_c123726 _d123726 |
||